000
00420nam a2200133Ia 4500
008
100328s9999 xx 000 0 und d
082
_b
60227
100
_a
डबीर सदानंद
245
_a
तिने दिलेले फुल.
260
_b
गं्रथाली.
630
_a
तिने दिलेले फुल.
730
_a
तिने दिलेले फुल.
942
_c
BOOK
999
_c
546389
_d
546386